[Event "FRA-chT1A 1112"]
[Site "France"]
[Date "2011.11.12"]
[Round "2.6"]
[White "Emmenecker, Philippe"]
[Black "Stephan, Jean Marie"]
[Result "0-1"]
[WhiteElo "2217"]
[BlackElo "2220"]
[PlyCount "130"]
[EventDate "2011.10.16"]
[EventType "team-tourn"]
[EventRounds "11"]
[EventCountry "FRA"]
[SourceTitle "EXT 2013"]
[Source "ChessBase"]
[SourceDate "2012.11.22"]
[SourceVersion "1"]
[SourceVersionDate "2012.11.22"]
[SourceQuality "1"]
[WhiteTeam "Issy les Moulineaux"]
[BlackTeam "Sautron"]
[WhiteTeamCountry "FRA"]
[BlackTeamCountry "FRA"]

1. d4 Nf6 2. c4 g6 3. Nc3 d5 4. cxd5 Nxd5 5. Bd2 Nb6 6. e4 Qxd4 7. Qc2 Qd8 8. Rd1 c6 9. Bf4 N6d7 10. Nf3 Bg7 11. e5 e6 12. Be2 Qa5 13. 0-0 0-0 14. Qe4 f5 15. Qe3 Qc5 16. Rd4 Nb6 17. Bg5 Re8 18. Rd8 Qf8 19. Rxe8 Qxe8 20. Nd4 N8d7 21. f4 Nf8 22. h4 h5 23. Rd1 Nd5 24. Qd2 Nh7 25. Nxd5 exd5 26. Bf3 Be6 27. Qa5 Bf7 28. Qc7 Qc8 29. Qa5 Qd7 30. Kh2 Nf8 31. b4 b6 32. Qa6 Ne6 33. Nxe6 Bxe6 34. a4 Bf8 35. b5 c5 36. a5 Rb8 37. Ra1 c4 38. axb6 axb6 39. Qa7 Qxa7 40. Rxa7 Rc8 41. Rb7 c3 42. Rxb6 c2 43. Rxe6 c1Q 44. Bxd5 Kh7 45. Rf6 Bg7 46. Rc6 Rxc6 47. Bxc6 Qc5 48. Bf3 Bh6 49. Bxh6 Kxh6 50. g3 Kg7 51. Kg2 Qc2+ 52. Kh3 Qf2 53. Bg2 Kf8 54. Bd5 Qg1 55. Bg2 Ke7 56. Bd5 Kd7 57. Bg2 Kc7 58. Bd5 Kb6 59. Bg2 Kxb5 60. Bf3 Kb4 61. Bg2 Kc4 62. Bf3 Kd3 63. Bd5 Ke3 64. e6 Kf2 65. Bg2 Qxg2# 0-1

[Event "FRA-chT1B 0809"]
[Site "France"]
[Date "2009.03.15"]
[Round "9.5"]
[White "Do, Huu Thi"]
[Black "Stephan, Jean Marie"]
[Result "1/2-1/2"]
[WhiteElo "2178"]
[BlackElo "2267"]
[PlyCount "49"]
[EventDate "2008.10.19"]
[EventType "team-tourn"]
[EventRounds "11"]
[EventCountry "FRA"]
[SourceTitle "EXT 2010"]
[Source "ChessBase"]
[SourceDate "2010.11.25"]
[SourceVersion "1"]
[SourceVersionDate "2010.11.25"]
[SourceQuality "1"]
[WhiteTeam "Niort"]
[BlackTeam "Sautron"]
[WhiteTeamCountry "FRA"]
[BlackTeamCountry "FRA"]

1. c4 g6 2. g3 Bg7 3. Bg2 e5 4. Nc3 Nc6 5. d3 d6 6. e4 Nge7 7. Nge2 0-0 8. 0-0 Be6 9. Nd5 Qd7 10. Be3 Nd4 11. Nxd4 exd4 12. Bd2 Bxd5 13. exd5 a5 14. Re1 Rfe8 15. a4 f6 16. Re4 Kf8 17. Qf3 Ng8 18. Rh4 Qe7 19. Re4 Qd7 20. Rh4 Qe7 21. Re4 Qd7 22. b3 Re7 23. Bg5 Re5 24. Bf4 Re7 25. Bg5 1/2-1/2

[Event "FRA-chT1B 0809"]
[Site "France"]
[Date "2009.02.08"]
[Round "7.4"]
[White "Stephan, Jean Marie"]
[Black "Ansell, Simon"]
[Result "1/2-1/2"]
[WhiteElo "2267"]
[BlackElo "2405"]
[PlyCount "98"]
[EventDate "2008.10.19"]
[EventType "team-tourn"]
[EventRounds "11"]
[EventCountry "FRA"]
[SourceTitle "EXT 2010"]
[Source "ChessBase"]
[SourceDate "2010.11.25"]
[SourceVersion "1"]
[SourceVersionDate "2010.11.25"]
[SourceQuality "1"]
[WhiteTeam "Sautron"]
[BlackTeam "Echiquier Berry Sologne"]
[WhiteTeamCountry "FRA"]
[BlackTeamCountry "FRA"]

1. e4 c5 2. Nf3 Nc6 3. Nc3 e5 4. Bc4 Be7 5. d3 d6 6. 0-0 Nf6 7. Ng5 0-0 8. f4 Bg4 9. Qe1 exf4 10. Bxf4 Nd4 11. Qd2 Qd7 12. a4 h6 13. Nf3 Bxf3 14. gxf3 Qh3 15. Qf2 Kh8 16. Bg3 Rae8 17. Nb5 Nh5 18. c3 Nxg3 19. hxg3 Nc6 20. Nc7 Rc8 21. Nd5 Bd8 22. Ne3 g6 23. Qh2 Qxh2+ 24. Kxh2 h5 25. f4 Kg7 26. Bd5 Bf6 27. Nc4 Rcd8 28. Kh3 Rd7 29. g4 hxg4+ 30. Kxg4 Bd8 31. f5 Bf6 32. Rf3 Rh8 33. fxg6 fxg6 34. Raf1 Rf8 35. Bxc6 bxc6 36. Nxd6 Rxd6 37. e5 Re6 38. exf6+ Rexf6 39. Rxf6 Rxf6 40. Re1 Rf2 41. Re5 Rxb2 42. Rxc5 Ra2 43. a5 Kf7 44. d4 Ra1 45. Kf4 Rf1+ 46. Ke5 Rf6 47. c4 Re6+ 48. Kf4 Kf6 49. a6 Rd6 1/2-1/2

[Event "FRA-chT1B 0809"]
[Site "France"]
[Date "2008.10.19"]
[Round "1.3"]
[White "Stephan, Jean Marie"]
[Black "Grill, Marc"]
[Result "1-0"]
[WhiteElo "2267"]
[BlackElo "2161"]
[PlyCount "55"]
[EventDate "2008.10.19"]
[EventType "team-tourn"]
[EventRounds "11"]
[EventCountry "FRA"]
[SourceTitle "EXT 2010"]
[Source "ChessBase"]
[SourceDate "2010.11.25"]
[SourceVersion "1"]
[SourceVersionDate "2010.11.25"]
[SourceQuality "1"]
[WhiteTeam "Sautron"]
[BlackTeam "Nantes"]
[WhiteTeamCountry "FRA"]
[BlackTeamCountry "FRA"]

1. e4 c5 2. Nf3 Nc6 3. Nc3 g6 4. d4 cxd4 5. Nxd4 Bg7 6. Be3 Nf6 7. Bc4 0-0 8. Bb3 a5 9. 0-0 d6 10. Ndb5 b6 11. Re1 Ba6 12. a4 Nd7 13. Nd5 Bxb2 14. Rb1 Bg7 15. Ndc7 Bb7 16. Nxa8 Bxa8 17. Bd5 Nc5 18. c3 Qd7 19. f3 e6 20. Bc4 Rd8 21. Qc2 Qe7 22. Bf1 Ne5 23. Bd4 g5 24. Rbd1 Bc6 25. Rd2 h6 26. Red1 d5 27. exd5 Bxd5 28. Bxe5 1-0

[Event "Pornic op"]
[Site "Pornic"]
[Date "2008.08.??"]
[Round "6"]
[White "Stephan, Jean Marie"]
[Black "Hutois, Mickael"]
[Result "1-0"]
[WhiteElo "2209"]
[BlackElo "1991"]
[PlyCount "67"]
[EventDate "2008.08.??"]
[EventType "swiss"]
[EventRounds "6"]
[EventCountry "FRA"]
[SourceTitle "EXT 2009"]
[Source "ChessBase"]
[SourceDate "2008.11.26"]
[SourceVersion "1"]
[SourceVersionDate "2008.11.26"]
[SourceQuality "1"]

1. e4 c5 2. Nf3 e6 3. d4 cxd4 4. Nxd4 Nf6 5. Nc3 Nc6 6. Nxc6 bxc6 7. e5 Nd5 8. Ne4 Qc7 9. f4 Be7 10. a3 f5 11. Nd6+ Bxd6 12. exd6 Qb8 13. Qd4 0-0 14. Bd2 c5 15. Qe5 Bb7 16. 0-0-0 Rc8 17. c4 Nf6 18. Bc3 Rc6 19. Rd3 Qf8 20. Rg3 Ng4 21. Qe1 Rxd6 22. Be2 Nf6 23. Bf3 Be4 24. Bxe4 fxe4 25. Rf1 Re8 26. Be5 Rd3 27. Rxd3 exd3 28. Qe3 d5 29. Qxd3 dxc4 30. Qxc4 Nd5 31. Rf3 Nb6 32. Qe4 Qe7 33. Rg3 g6 34. Rxg6+ 1-0

[Event "Avoine op 23rd"]
[Site "Avoine"]
[Date "2008.07.20"]
[Round "2"]
[White "Stephan, Jean Marie"]
[Black "Heurtebize, Christophe"]
[Result "1-0"]
[WhiteElo "2218"]
[BlackElo "2069"]
[PlyCount "35"]
[EventDate "2008.07.19"]
[EventType "swiss"]
[EventRounds "9"]
[EventCountry "FRA"]
[SourceTitle "CBM 125 Extra"]
[Source "ChessBase"]
[SourceDate "2008.09.01"]
[SourceVersion "1"]
[SourceVersionDate "2008.09.01"]
[SourceQuality "1"]

1. e4 e6 2. d4 d5 3. Nc3 dxe4 4. Nxe4 Nd7 5. Nf3 Ngf6 6. Bd3 Be7 7. 0-0 0-0 8. Qe2 b6 9. Re1 Bb7 10. Neg5 Kh8 11. Ne5 Nxe5 12. dxe5 Ng8 13. Qh5 h6 14. Nxf7+ Rxf7 15. Qxf7 Qd5 16. f3 Bc5+ 17. Kh1 Ne7 18. Bxh6 1-0

[Event "Gorges op 18th"]
[Site "Gorges"]
[Date "2008.07.??"]
[Round "6"]
[White "Crouan, Stephane"]
[Black "Stephan, Jean Marie"]
[Result "1/2-1/2"]
[WhiteElo "2205"]
[BlackElo "2218"]
[PlyCount "76"]
[EventDate "2008.07.??"]
[EventType "swiss"]
[EventRounds "7"]
[EventCountry "FRA"]
[SourceTitle "CBM 125 Extra"]
[Source "ChessBase"]
[SourceDate "2008.09.01"]
[SourceVersion "1"]
[SourceVersionDate "2008.09.01"]
[SourceQuality "1"]

1. e4 c5 2. Nf3 d6 3. d4 cxd4 4. Nxd4 Nf6 5. Nc3 e6 6. g4 h6 7. Rg1 Nc6 8. Be3 a6 9. Qe2 g5 10. 0-0-0 Ne5 11. h4 Rg8 12. hxg5 hxg5 13. Nf3 Nxf3 14. Qxf3 Nd7 15. Bd4 Qc7 16. Qe3 b5 17. b3 Rb8 18. Kb1 Ne5 19. Rc1 Nc6 20. Bf6 Be7 21. Bxe7 Kxe7 22. Rh1 Qb6 23. Qd2 Qc5 24. Nd1 Ne5 25. Ne3 Bb7 26. Bd3 Rh8 27. Ng2 Rxh1 28. Rxh1 Rg8 29. Qe2 Qc8 30. f3 Rh8 31. Rh5 Rg8 32. Rh1 Qc5 33. Ne3 Ng6 34. Ng2 Qe5 35. Qf2 Qc5 36. Qd2 Qe5 37. Qf2 Qc5 38. Qd2 Qe5 1/2-1/2

[Event "FRA-chT2 West 0708"]
[Site "France"]
[Date "2008.01.19"]
[Round "5.4"]
[White "Vaillant, Stephane"]
[Black "Stephan, Jean Marie"]
[Result "1-0"]
[WhiteElo "2015"]
[BlackElo "2222"]
[PlyCount "153"]
[EventDate "2007.10.21"]
[EventType "team"]
[EventRounds "11"]
[EventCountry "FRA"]
[SourceTitle "EXT 2009"]
[Source "ChessBase"]
[SourceDate "2008.11.26"]
[SourceVersion "1"]
[SourceVersionDate "2008.11.26"]
[SourceQuality "1"]
[WhiteTeam "Orleans"]
[BlackTeam "Sautron"]
[WhiteTeamCountry "FRA"]
[BlackTeamCountry "FRA"]

1. d4 Nf6 2. Nf3 d5 3. c4 c6 4. Nc3 dxc4 5. a4 Bf5 6. e3 e6 7. Bxc4 Bb4 8. 0-0 Nbd7 9. Qe2 Bg4 10. h3 Bh5 11. e4 0-0 12. e5 Nd5 13. Ne4 c5 14. Nxc5 Bxc5 15. dxc5 Bxf3 16. Qxf3 Nxe5 17. Qe4 Nxc4 18. Qxc4 Qa5 19. Be3 Nxe3 20. fxe3 Qd2 21. Qb3 Qd7 22. Rfd1 Qc7 23. Qb5 Qe5 24. Ra3 Rad8 25. Rad3 Rxd3 26. Rxd3 Qe4 27. Qb3 h5 28. Rd4 Qe5 29. Qc3 Qf5 30. b4 Qb1+ 31. Kh2 Qa2 32. b5 Rc8 33. c6 bxc6 34. bxc6 e5 35. Rb4 Qe6 36. c7 Qd6 37. Rc4 e4+ 38. Kg1 Qg3 39. Qd4 h4 40. Rc1 Kh7 41. Qxe4+ g6 42. Qf4 Qxf4 43. exf4 Kg7 44. Kf2 Kf8 45. Ke3 Ke7 46. Kd4 Kd6 47. Rc5 Ke6 48. Rc6+ Kd7 49. Kd5 Ke7 50. Rc4 Kd7 51. Rc2 f5 52. Rc6 Rxc7 53. Rxc7+ Kxc7 54. Ke6 Kb6 55. Kf6 Ka5 56. Kxg6 Kxa4 57. Kxf5 Kb5 58. Ke6 a5 59. f5 a4 60. f6 a3 61. f7 a2 62. f8Q a1Q 63. Qf5+ Ka6 64. Qg4 Qa2+ 65. Kf5 Qd2 66. Qf3 Ka7 67. Kg4 Qd4+ 68. Kh5 Qh8+ 69. Kg5 Qd8+ 70. Kg4 Qd4+ 71. Qf4 Qg7+ 72. Kf3 Qh8 73. Qe3+ Ka6 74. Qe2+ Kb7 75. Kg4 Ka8 76. Qe4+ Ka7 77. Qe7+ 1-0

[Event "Nantes op 6th"]
[Site "Nantes"]
[Date "2007.12.29"]
[Round "7"]
[White "Delorme, Alban"]
[Black "Stephan, Jean Marie"]
[Result "0-1"]
[WhiteElo "2245"]
[BlackElo "2222"]
[PlyCount "102"]
[EventDate "2007.12.26"]
[EventType "swiss"]
[EventRounds "7"]
[EventCountry "FRA"]
[SourceTitle "CBM 122 Extra"]
[Source "ChessBase"]
[SourceDate "2008.03.04"]
[SourceVersion "1"]
[SourceVersionDate "2008.03.04"]
[SourceQuality "1"]

1. e4 c5 2. Nf3 e6 3. d4 cxd4 4. Nxd4 Nf6 5. Nc3 d6 6. Be3 a6 7. a4 Nc6 8. Be2 Be7 9. 0-0 0-0 10. f4 Qc7 11. Bf3 Bd7 12. Nce2 Nxd4 13. Nxd4 e5 14. Ne2 Ng4 15. Bxg4 Bxg4 16. Qd2 Bxe2 17. Qxe2 exf4 18. Bd4 Bg5 19. Qg4 f6 20. c3 Rae8 21. Rae1 Qc8 22. Qxc8 Rxc8 23. Kf2 Bh4+ 24. g3 fxg3+ 25. hxg3 Bg5 26. Ke2 Rfe8 27. Kd3 Re6 28. Rf5 g6 29. Rd5 f5 30. g4 fxe4+ 31. Rxe4 Rxe4 32. Kxe4 Re8+ 33. Kf3 Be7 34. b4 Kf7 35. b5 Ke6 36. Ke4 Rc8 37. bxa6 bxa6 38. Ra5 Rc6 39. Rd5 Rc4 40. Ra5 Rc6 41. Rd5 Bd8 42. Bg7 Rc4+ 43. Rd4 Rxd4+ 44. cxd4 d5+ 45. Kf4 h5 46. gxh5 gxh5 47. Bf8 Be7 48. Bh6 Bf6 49. Bf8 Bxd4 50. Kg5 Be3+ 51. Kxh5 Kf5 0-1

[Event "Nantes op 6th"]
[Site "Nantes"]
[Date "2007.12.28"]
[Round "4"]
[White "Stephan, Jean Marie"]
[Black "Vidal, Hugo"]
[Result "1-0"]
[WhiteElo "2222"]
[BlackElo "1616"]
[PlyCount "37"]
[EventDate "2007.12.26"]
[EventType "swiss"]
[EventRounds "7"]
[EventCountry "FRA"]
[SourceTitle "CBM 122 Extra"]
[Source "ChessBase"]
[SourceDate "2008.03.04"]
[SourceVersion "1"]
[SourceVersionDate "2008.03.04"]
[SourceQuality "1"]

1. e4 c5 2. Nf3 d6 3. d4 cxd4 4. Nxd4 Nf6 5. Nc3 a6 6. Be3 b5 7. a4 e5 8. Nb3 b4 9. Nd5 Nxd5 10. Qxd5 Nc6 11. Qxc6+ Bd7 12. Qd5 Rc8 13. Bxa6 Rxc2 14. 0-0 Be6 15. Bb5+ Ke7 16. Qd3 Rxb2 17. Rfb1 Rxb3 18. Rxb3 Bxb3 19. Qxb3 1-0

[Event "Nantes op 6th"]
[Site "Nantes"]
[Date "2007.12.27"]
[Round "3"]
[White "Guliyev, Namig"]
[Black "Stephan, Jean Marie"]
[Result "1/2-1/2"]
[WhiteElo "2560"]
[BlackElo "2222"]
[PlyCount "154"]
[EventDate "2007.12.26"]
[EventType "swiss"]
[EventRounds "7"]
[EventCountry "FRA"]
[SourceTitle "CBM 122 Extra"]
[Source "ChessBase"]
[SourceDate "2008.03.04"]
[SourceVersion "1"]
[SourceVersionDate "2008.03.04"]
[SourceQuality "1"]

1. e4 c5 2. Nf3 d6 3. d4 cxd4 4. Nxd4 Nf6 5. Nc3 a6 6. Be3 e6 7. f3 b5 8. Qd2 Nbd7 9. g4 Nb6 10. 0-0-0 Bb7 11. Qf2 Nfd7 12. Bd3 Rc8 13. Kb1 Rxc3 14. bxc3 Qc7 15. Ne2 Be7 16. f4 Na4 17. g5 Ndc5 18. Bd2 Bxe4 19. Bxe4 Nxe4 20. Qd4 Nxd2+ 21. Rxd2 0-0 22. h4 Rc8 23. Rh3 d5 24. f5 Qd6 25. Kc1 Qa3+ 26. Kd1 Qxa2 27. Ke1 Qb1+ 28. Rd1 Qxc2 29. fxe6 fxe6 30. Qa7 Nxc3 31. Nxc3 Bb4 32. Rdd3 Bxc3+ 33. Kf1 Rf8+ 34. Rdf3 Qd1+ 35. Kg2 Qe2+ 36. Qf2 Qxf2+ 37. Kxf2 Bd4+ 38. Ke2 Rc8 39. Ra3 Rc6 40. Rhd3 b4 41. Ra4 Bc3 42. Rd1 Kf7 43. Kd3 e5 44. Rh1 Ke7 45. Ra5 e4+ 46. Ke3 Ke6 47. Rd1 Rd6 48. Rc5 a5 49. Rxa5 b3 50. Ra3 b2 51. Rb3 Ke5 52. Rb5 Rd7 53. h5 Ke6 54. Rb6+ Kf5 55. Rb5 Kg4 56. g6 hxg6 57. hxg6 Be5 58. Kd2 Kf5 59. Kc2 Rc7+ 60. Kb1 Ra7 61. Rdxd5 Ra1+ 62. Kc2 Rc1+ 63. Kd2 b1Q 64. Rxe5+ Kxg6 65. Rxb1 Rxb1 66. Rxe4 Rf1 67. Ke2 Rf8 68. Re5 Kh6 69. Re3 Kh5 70. Rh3+ Kg4 71. Rh1 g5 72. Rg1+ Kh5 73. Rh1+ Kg6 74. Rf1 Rxf1 75. Kxf1 Kf5 76. Kg1 Ke5 77. Kg2 Kf4 1/2-1/2

[Event "Syre Memorial op 30th"]
[Site "Issy les Moulineaux"]
[Date "2007.05.20"]
[Round "6"]
[White "Guionnet, Alain"]
[Black "Stephan, Jean Marie"]
[Result "0-1"]
[WhiteElo "1641"]
[BlackElo "2212"]
[PlyCount "58"]
[EventDate "2007.05.17"]
[EventType "swiss"]
[EventRounds "6"]
[EventCountry "FRA"]
[SourceTitle "EXT 2008"]
[Source "ChessBase"]
[SourceDate "2007.11.25"]
[SourceVersion "1"]
[SourceVersionDate "2007.11.25"]
[SourceQuality "1"]

1. e4 c5 2. Nf3 d6 3. b3 Nc6 4. Bb2 Nf6 5. Bxf6 gxf6 6. Nc3 e6 7. Bc4 a6 8. 0-0 Qc7 9. Re1 Bd7 10. Rb1 h5 11. Ne2 h4 12. d4 cxd4 13. Nexd4 Be7 14. Bf1 Ne5 15. c4 Ng6 16. Qd2 Kf8 17. Rbc1 Kg7 18. Ne2 Rag8 19. Nfd4 Kf8 20. Rc3 Ke8 21. f4 Bf8 22. Rf3 Bh6 23. Qc2 Qc5 24. Kh1 Nxf4 25. Nxf4 Bxf4 26. Ne2 Be5 27. Nc1 h3 28. Rxh3 Rxh3 29. gxh3 Qg1# 0-1

[Event "Syre Memorial op 30th"]
[Site "Issy les Moulineaux"]
[Date "2007.05.19"]
[Round "4"]
[White "Lafaurie, Pierre"]
[Black "Stephan, Jean Marie"]
[Result "1-0"]
[WhiteElo "2123"]
[BlackElo "2212"]
[PlyCount "57"]
[EventDate "2007.05.17"]
[EventType "swiss"]
[EventRounds "6"]
[EventCountry "FRA"]
[SourceTitle "EXT 2008"]
[Source "ChessBase"]
[SourceDate "2007.11.25"]
[SourceVersion "1"]
[SourceVersionDate "2007.11.25"]
[SourceQuality "1"]

1. c4 g6 2. Nc3 Nf6 3. e4 d6 4. d4 Bg7 5. Be2 0-0 6. Nf3 e5 7. Be3 c6 8. d5 c5 9. 0-0 h6 10. Ne1 Ne8 11. Nd3 f5 12. f4 fxe4 13. Nxe4 Bf5 14. Bf3 exf4 15. Nxf4 Be5 16. Nd3 Bg7 17. Qd2 Kh7 18. Ng3 Bd7 19. Nf4 Be5 20. Be4 Bxf4 21. Bxf4 Nf6 22. Bxh6 Nxe4 23. Nxe4 Rxf1+ 24. Rxf1 Bf5 25. Ng5+ Kg8 26. Qe3 Nd7 27. Rxf5 Qe8 28. Qxe8+ Rxe8 29. Rf7 1-0

[Event "Syre Memorial op 29th"]
[Site "Issy les Moulineaux"]
[Date "2006.05.27"]
[Round "4"]
[White "Stephan, Jean Marie"]
[Black "Payen, Arnaud"]
[Result "1/2-1/2"]
[WhiteElo "2168"]
[BlackElo "2408"]
[PlyCount "127"]
[EventDate "2006.05.25"]
[EventType "swiss"]
[EventRounds "6"]
[EventCountry "FRA"]
[SourceTitle "EXT 2007"]
[Source "ChessBase"]
[SourceDate "2006.11.23"]
[SourceVersion "1"]
[SourceVersionDate "2006.11.23"]
[SourceQuality "1"]

1. e4 e5 2. Nf3 Nc6 3. Bb5 a6 4. Ba4 Nf6 5. 0-0 Be7 6. Re1 b5 7. Bb3 d6 8. c3 0-0 9. d4 Bg4 10. d5 Na5 11. Bc2 c6 12. h3 Bxf3 13. Qxf3 cxd5 14. exd5 Nc4 15. Nd2 Nb6 16. Ne4 Nxe4 17. Bxe4 g6 18. Bh6 Re8 19. Rad1 Bg5 20. Bxg5 Qxg5 21. Qg4 h6 22. Bc2 Qxg4 23. hxg4 Rac8 24. Bb3 a5 25. a3 Kg7 26. f3 Nc4 27. Re2 Rc5 28. Kf2 Rb8 29. Bxc4 Rxc4 30. Ke3 Rc5 31. Rc2 Rbc8 32. Rcd2 Kf6 33. Rh1 Kg5 34. g3 Rc4 35. Rf2 b4 36. cxb4 axb4 37. axb4 Rxb4 38. Rd1 Rcb8 39. Rdd2 Rb3+ 40. Rd3 Rxb2 41. Rxb2 Rxb2 42. Rc3 Rb5 43. Rc7 f6 44. Rg7 Rxd5 45. f4+ Kxg4 46. Rxg6+ Kf5 47. Rxh6 Ke6 48. g4 Kf7 49. Rh7+ Kg8 50. Rd7 Rd4 51. fxe5 fxe5 52. g5 d5 53. Kf3 Rf4+ 54. Kg3 d4 55. Rd5 Re4 56. Rd7 Kf8 57. g6 Re3+ 58. Kg4 d3 59. Kf5 e4 60. Rd8+ Ke7 61. g7 Rg3 62. Rd4 d2 63. Rxd2 e3 64. Re2 1/2-1/2

[Event "FRA-chT2A 0506"]
[Site "France"]
[Date "2006.03.12"]
[Round "9.4"]
[White "Stephan, Jean Marie"]
[Black "Hauroo, Harris"]
[Result "1-0"]
[WhiteElo "2195"]
[BlackElo "2130"]
[PlyCount "125"]
[EventDate "2005.10.27"]
[EventType "team-tourn"]
[EventRounds "11"]
[EventCountry "FRA"]
[SourceTitle "EXT 2006"]
[Source "ChessBase"]
[SourceDate "2005.11.24"]
[SourceVersion "1"]
[SourceVersionDate "2005.11.24"]
[SourceQuality "1"]
[WhiteTeam "Sautron"]
[BlackTeam "Evry III"]
[WhiteTeamCountry "FRA"]
[BlackTeamCountry "FRA"]

1. e4 c5 2. Nf3 d6 3. d4 cxd4 4. Nxd4 Nf6 5. Nc3 a6 6. f3 e5 7. Nb3 h6 8. Be3 Be6 9. Qd2 Nc6 10. 0-0-0 Qc7 11. Kb1 d5 12. exd5 Nxd5 13. Nxd5 Bxd5 14. Qf2 Be6 15. Bb6 Qc8 16. Nc5 Be7 17. Nxe6 Qxe6 18. a3 Rc8 19. Bd3 0-0 20. Rhe1 Qf6 21. Qe2 Bd8 22. Qe4 g6 23. Be3 Kg7 24. g3 b5 25. h4 Qe7 26. h5 f5 27. Qd5 Qf7 28. Qxf7+ Rxf7 29. hxg6 Kxg6 30. g4 Ne7 31. Rh1 Rh7 32. Rdg1 Kf7 33. gxf5 Nd5 34. Rxh6 Rxh6 35. Bxh6 Bf6 36. Be4 Rd8 37. Bxd5+ Rxd5 38. Be3 Rd8 39. Rh1 Kg7 40. Kc1 Rd7 41. b3 Rd8 42. Rd1 Rxd1+ 43. Kxd1 Be7 44. Bc1 Kf6 45. Ke2 Kxf5 46. Kd3 Bc5 47. a4 Be7 48. Be3 Bd8 49. c4 bxa4 50. bxa4 Ba5 51. c5 Bc7 52. Bd2 Bd8 53. Be3 Bc7 54. Kc4 Ke6 55. Bd2 Bd8 56. Bb4 Be7 57. Ba5 Bh4 58. Bc7 Bf2 59. Bb8 Bd4 60. c6 Bf2 61. Bxe5 Bb6 62. f4 Ba5 63. Kc5 1-0

[Event "FRA-chT2 0405"]
[Site "France"]
[Date "2004.11.07"]
[Round "3"]
[White "Murey, Jacob"]
[Black "Stephan, Jean Marie"]
[Result "1-0"]
[WhiteElo "2450"]
[BlackElo "2183"]
[PlyCount "75"]
[EventDate "2004.10.10"]
[EventType "team"]
[EventRounds "11"]
[EventCountry "FRA"]
[SourceTitle "EXT 2006"]
[Source "ChessBase"]
[SourceDate "2005.11.24"]
[SourceVersion "1"]
[SourceVersionDate "2005.11.24"]
[SourceQuality "1"]
[WhiteTeam "Paris Chess XV I"]
[BlackTeam "Sautron II"]
[WhiteTeamCountry "FRA"]
[BlackTeamCountry "FRA"]

1. c4 c6 2. Nf3 d5 3. e3 Nf6 4. Nc3 e6 5. Qc2 a6 6. b3 c5 7. cxd5 exd5 8. Na4 Nbd7 9. d4 b6 10. Be2 Bb7 11. 0-0 Bd6 12. Qf5 0-0 13. Ba3 Rc8 14. Rac1 Re8 15. Rc2 Qe7 16. Rfc1 cxd4 17. Bxd6 Qxd6 18. exd4 g6 19. Qg5 Ne4 20. Rxc8 Bxc8 21. Qe3 Bb7 22. Bd3 Nef6 23. Qd2 Kg7 24. g3 Ne4 25. Qf4 Qxf4 26. gxf4 Rc8 27. Rxc8 Bxc8 28. Ne5 Nef6 29. b4 Kf8 30. b5 a5 31. f5 Ke7 32. f4 Bb7 33. Kf2 Nh5 34. Kf3 Nhf6 35. h4 Ke8 36. fxg6 fxg6 37. f5 gxf5 38. Nxd7 1-0

[Event "Nantes op 2nd"]
[Site "Nantes"]
[Date "2003.??.??"]
[Round "2"]
[White "Prie, Eric"]
[Black "Stephan, Jean Marie"]
[Result "1-0"]
[WhiteElo "2429"]
[BlackElo "2170"]
[PlyCount "55"]
[EventDate "2003.12.26"]
[EventType "swiss"]
[EventRounds "9"]
[EventCountry "FRA"]
[SourceTitle "CBM 097 Extra"]
[Source "ChessBase"]
[SourceDate "2004.01.13"]
[SourceVersion "1"]
[SourceVersionDate "2004.01.13"]
[SourceQuality "1"]

1. d4 d5 2. Bg5 h6 3. Bh4 c6 4. a3 Bf5 5. e3 Nd7 6. c4 Ngf6 7. cxd5 cxd5 8. Nc3 e6 9. Bxf6 gxf6 10. Nge2 Bd6 11. Ng3 Bg6 12. Bd3 Bxd3 13. Qxd3 f5 14. Qe2 a6 15. Nh5 Qg5 16. f4 Qh4+ 17. g3 Qe7 18. Rc1 Nb6 19. Kf2 Nc4 20. Ng7+ Kf8 21. Nxf5 Qd7 22. Nxd6 Nxd6 23. e4 dxe4 24. Nxe4 Nf5 25. Rhd1 Rd8 26. Nf6 Qd6 27. Qe5 Qxe5 28. dxe5 1-0